00816nam a2200217 a 450000100100000000500170001000800410002704000250006804100390009308200130013210000260014524000390017124500870021026000390029730000210033653400470035770000510040404900090045595201170046499900170058100002355320200930022313.0101213s1977 ag 000 0 spa d aDO-SdBNPbspacBNPHU17aspaheng2Código de idiomas MARC ann*bnn*1 aWells, Evelyn.94855110aI am thinking of Kelda.lEspañol10aPensando en Kelda /cEvelyn Wells ; traducción María Luisa Martínez Alinari. aBuenos Aires :bCorregidor,c1977. a167 p. ;c19 cm. aTítulo original :tIam thinking of Kelda1 aMartínez Alinari, María Luisa,etr.948552 aBNGR 001054708MOaGRbGRcCTd2010-12-13iLF1l0onn* nn*p23553-10r2020-06-25w2020-06-25y4ZPréstamo en sala c23049d23049